| 000 | 00332nam a2200121Ia 4500 | ||
|---|---|---|---|
| 005 | 20251222141831.0 | ||
| 008 | 251222s9999||||xx |||||||||||||| ||spa|| | ||
| 020 | _a84-87111-47-5 | ||
| 082 | _a370.985/S64 | ||
| 245 | 0 | _aAugusto Salazar Bondy: 1925-1974 | |
| 264 | _bSociedad de Historia de la Educación Latinoamericana | ||
| 942 | _cLIB | ||
| 999 |
_c7124 _d7124 |
||